Science Quiz

Random Science or Alphabet Quiz

Cover the Alphabet - Chemical Elements Quiz Stats

 Plays Quiz Updated May 30, 2020

Support Sporcle.
Go Orange.
Score 0/52 Timer 01:30
13 Plays Today
% Correct
J - Go
99.8%
Q - Go
99.6%
J - Go
99.6%
Q - Go
99.6%
N - Neon...
98.3%
N - Neon...
98.3%
O - Oxygen...
98.2%
O - Oxygen...
98.2%
R - Radon...
98%
R - Radon...
98%
I - Iodine...
97.9%
I - Iodine...
97.9%
E - Europium...
97.7%
E - Europium...
97.7%
U - Uranium...
97.4%
U - Uranium...
97.4%
M - Mercury...
97.2%
M - Mercury...
97.2%
A - Argon...
96.8%
A - Argon...
96.8%
L - Lead...
96.6%
L - Lead...
96.6%
G - Gold...
96.3%
G - Gold...
96.3%
C - Calcium...
96.1%
C - Calcium...
96.1%
% Correct
H - Helium...
95%
H - Helium...
95%
S - Silver...
94.9%
S - Silver...
94.9%
T - Titanium...
94.8%
T - Titanium...
94.8%
B - Barium...
94.4%
B - Barium...
94.4%
D - Dubnium...
93.3%
D - Dubnium...
93.3%
P - Platinum...
92.5%
P - Platinum...
92.5%
Y - Yttrium...
91.7%
Y - Yttrium...
91.7%
X - Xenon...
85.2%
X - Xenon...
85.2%
F - Fluorine...
81.1%
F - Fluorine...
81.1%
Z - Zinc...
74.4%
Z - Zinc...
74.4%
V - Vanadium...
68.2%
V - Vanadium...
68.2%
K - Krypton...
63.1%
K - Krypton...
63.1%
W - Lawrencium
24.6%
W - Lawrencium
24.6%

You're not logged in!

Compare scores with friends on all Sporcle quizzes.
OR
Log In
Forgot?
Remove Ads.
Support Sporcle.
Get the best of Sporcle when you Go Orange. This ad-free experience offers more features, more stats, and more fun while also helping to support Sporcle. Thank you for becoming a member.

Show Comments

Extras

Top Quizzes Today


Score Distribution

Your Account Isn't Verified!

In order to create a playlist on Sporcle, you need to verify the email address you used during registration. Go to your Sporcle Settings to finish the process.

Report this User

Report this user for behavior that violates our Community Guidelines.

Details: